000 00675nam a2200205 a 4500
001 000025287
005 20200930023702.0
008 110214s2005 dr r 000 0 spa d
020 _z99993449261
040 _aDO-SdBNP
_bspa
_cBNPHU
082 _a289.94
_bI24c
110 2 _aIglesia de Dios Pentecostal M.I.
_bRegión República Dominicana
_951809
245 1 0 _aConstitución y reglamento.
260 _aSanto Domingo :
_bGente,
_c2005.
300 _a107 p. ;
_c22 cm.
590 _aInventariado, 2018 /VM
650 4 _aIglesia pentecostal
_xEstatutos, reglamentos, etc.
_951810
650 4 _aAsociaciones
_xReglamentos
_951811
910 _aValidado. Control de calidad. EMS
999 _c24780
_d24780